logo

Bir Sreshtho Munshi Abdur Rouf Library
Jhenaidah Cadet College

The Cuban Revolution 25 Years Later / (Record no. 6889)

MARC details
000 -LEADER
fixed length control field 00576nam a2200217 a 4500
001 - CONTROL NUMBER
JCCL Control Number 6889
003 - CONTROL NUMBER IDENTIFIER
JCCL marc code BD-JhCC
005 - DATE AND TIME OF LATEST TRANSACTION
control field 20180131180149.0
008 - FIXED-LENGTH DATA ELEMENTS--GENERAL INFORMATION
fixed length control field 171118s1984 uk |||| |||| 000 0 eng d
035 ## - SYSTEM CONTROL NUMBER
system control number (BD-JhCC)
040 ## - CATALOGING SOURCE
Original cataloging agency BD-JhCC
Modifying agency BD-JhCC
041 ## - LANGUAGE CODE
Language code of Book eng
082 ## - DEWEY DECIMAL CLASSIFICATION NUMBER
Classification number 972.91064
Author mark and Year THO 1984
100 ## - MAIN ENTRY--PERSONAL NAME
Personal name Thomas, Hugh S.
245 ## - TITLE STATEMENT
Title The Cuban Revolution 25 Years Later /
Statement of responsibility, etc Janette H. Blair
260 ## - PUBLICATION, DISTRIBUTION, ETC. (IMPRINT)
Place of publication, distribution, etc London :
Name of publisher, distributor, etc Westview Press, Boulder and London;
Date of publication, distribution, etc 1984
300 ## - PHYSICAL DESCRIPTION
Pagination 69 p.;
Dimensions 22 cm
490 ## - SERIES STATEMENT
Series statement The Crusader Series
650 ## - SUBJECT ADDED ENTRY--TOPICAL TERM
Topical term or geographic name as entry element Revolution
942 ## - ADDED ENTRY ELEMENTS (KOHA)
Source of classification or shelving scheme Dewey Decimal Classification
Koha item type Books
Holdings
Source of classification or shelving scheme Damaged status Not for loan Home library Current library Shelving location Date of accession Total Checkouts Full call number Barcode Date last seen Copy number Koha item type
Dewey Decimal Classification     JCC Rouf Library JCC Rouf Library General Stacks 01/31/2018   972.91064 THO 1984 9454 01/31/2018 C-1 Books

JCC Library | Contacts | JCC Home

Last Update on 23 September 2017
Copyright @ 2017-2020 JCC Rouf Library
Rouf Library, Jhenidah Cadet College (JCC), Bangladesh